Writing an Appliable linguistics thesis or dissertation / (رقم التسجيلة. 14320)

تفاصيل مارك
000 -الفاتح
حقل البيانات ثابتة الطول 02804cam a2200349 a 4500
001 - رقم الضبط
رقم الضبط 16138608
003 - محدد رقم الضبط
رقم الضبط OSt
005 - وقت وتاريخ اخر تعامل مع التسجيلة
رقم الضبط 20150408113918.0
008 - عناصر البيانات ثابتة الطول - معلومات عامة
حقل البيانات ثابتة الطول 100316s2010 enka b 001 0 eng
010 ## - رقم ضبط مكتبة الكونجرس
رقم ضبط مكتبة الكونجرس 2010011231
015 ## - رقم الببليوجرافية الوطنية
رقم الببليوجرافية الوطنية GBB039951
المصدر bnb
016 7# - رقم ضبط الوكاله الوطنية للضبط الببليوجرافي
رقم ضبط التسجيلة 015511428
المصدر Uk
020 ## - الرقم الدولى المعيارى للكتب
الرقم الدولى المعيارى للكتاب 9781441164155 (hc)
020 ## - الرقم الدولى المعيارى للكتب
الرقم الدولى المعيارى للكتاب 9780230224537
035 ## - رقم ضبط النظام
رقم ضبط النظام (OCoLC)ocn466343670
040 ## - مصدر الفهرسة
وكالة الفهرسة الأصلية DLC
وكالة النسخ DLC
وكالة التعديل YDX
-- UKM
-- BTCTA
-- YDXCP
-- SINIE
-- HEBIS
-- CDX
-- BWX
-- DLC
050 00 - رقم طلب مكتبة الكونجرس
رقم التصنيف P129
رقم المادة .A63 2010
082 00 - رقم تصنيف ديوى العشرى
رقم التصنيف 418
رقم الطبعة 22
100 ## - المدخل الرئيسى - إسم شخصى
الإسم الشخصى Bitchener, John.
9 (RLIN) 4206
245 00 - بيان العنوان
العنوان Writing an Appliable linguistics thesis or dissertation /
بيان المسئوليه,etc John Bitchener.
260 ## - PUBLICATION, DISTRIBUTION, ETC. (IMPRINT)
مكان الناشر او الموزع London ;
-- New York :
اسم الناشر او الموزع Continuum International Pub. Group,
تاريخ النشر أو التوزيع 2010
300 ## - الوصف المادى
التعداد xiv, 246 p. :
تفاصيل ماديه اخرى للوعاء ill. ;
أبعاد الوعاء 25 cm.
504 ## - تبصرة ببليوجرافية
تبصرة ببليوجرافية,الخ Includes bibliographical references and index.
505 0# - تبصرة محتويات-الفهرس
تبصرة المحتويات المصاغة 1. Appliable linguistics: an introduction / Ahmar Mahboob and Naomi K. Knight -- 2. Pinpointing the choice: meaning and the search for equivalents in a translated text / M. A. K. Halliday -- 3. Appliable linguistics and English language teaching: the scaffolding literacy in adult and tertiary environments (SLATE) project / Ahmar Mahboob, Shoshana Dreyfus, Sally Humphrey and J. R. Martin -- 4. Negotiating evaluation: story structure and appraisal in youth justice conferencing / J. R. Martin, Michele Zappavigna and Paul Dwyer -- 5. Modelling social affiliation and genre in the civic domain / Sally Humphrey -- 6. 'News' and 'register': a preliminary investigation / Annabelle Lukin -- 7. Constructing sports stars: appliable linguistics and the language of the media / Shoshana Dreyfus and Sandra C. Jones -- 8. Naming culture in convivial conversational humour / Naomi K. Knight -- 9. Visualizing appraisal prosody / Michele Zappavigna, Chris Cléirigh, Paul Dwyer and J. R. Martin -- 10. Evaluative stance in humanities: expectations and performances / Erika Matruglio -- 11. The 3x3: setting up a linguistic toolkit for teaching academic writing / Sally Humphrey, J. R. Martin, Shooshi Dreyfus and Ahmar Mahboob -- 12. Why are logical connectives sometimes detrimental to coherence? / Alan Jones -- 13. Contestable reality: a multi-level view on modality in multimodal pedagogic context / Yumin Chen -- 14. Making many meanings in popular rap music / David Caldwell -- 15. Rank in visual grammar: some implications for multimodal discourse analysis / Sumin Zhao -- 16. The meaning of 'not' is not in 'not' / Ruqaiya Hasan.
650 #0 - المدخل الاضافى بالموضوع-مصطلح موضوعى
مصطلح موضوعي أو اسم جغرافي كعنصر مدخل Applied linguistics.
9 (RLIN) 4207
650 #0 - المدخل الاضافى بالموضوع-مصطلح موضوعى
مصطلح موضوعي أو اسم جغرافي كعنصر مدخل Sociolinguistics.
9 (RLIN) 4169
700 1# - المدخل الاضافى - اسم شخصى
الإسم الشخصى Mahboob, Ahmar.
9 (RLIN) 4208
700 1# - المدخل الاضافى - اسم شخصى
الإسم الشخصى Knight, Naomi.
9 (RLIN) 4209
906 ## - عنصر بيانات محلى F, LDF (RLIN)
a 7
b cbc
c orignew
d 1
e ecip
f 20
g y-gencatlg
942 ## - عناصر المدخل الإضافي( كوها)
مصدر التصنيف او مخطط الترفيف Dewey Decimal Classification
Koha [default] item type DVD
المقتنيات
حالة الفقد نموذج السعر الفعال حالة تلف ليس للاعارة رقم الطلب تاريخ الاكتساب الموقع الحالي الباركود الفرع الرئيسي Date last seen نوع المادة فى نظام كوها مصدر التصنيف او خطة الترفيف Total Checkouts
  2013-03-10     418 2011-09-10 قسم الاجراءات الفنية (IC) 00101641 قسم الاجراءات الفنية (IC) 2013-03-10 كتاب Dewey Decimal Classification  
  2013-03-10     418 2011-09-10 قسم الاجراءات الفنية (IC) 00101642 قسم الاجراءات الفنية (IC) 2013-03-10 كتاب Dewey Decimal Classification